000 01471nam0a22003011 4500
001 rc\3599818
005 20260406161318.0
021 _aRU
_b[72-80465]
035 _a(NLR Aleph) 007812435
090 _a7717837
_c7717837
100 _a20130115d1972 |||y0rusy50 ca
101 0 _arus
102 _aRU
105 _ay z |||||
200 1 _aПсихолингвистика и обучение иностранцев русскому языку
_e[Сборник статей]
_fПод ред. А.А. Леонтьева и Т.В. Рябовой
_gМоск. гос. ун-т им. М.В. Ломоносова. Науч.-метод. центр рус. яз. Сектор психологии и методики обучения
210 _aМосква
_cИзд-во Моск. ун-та
_d1972
215 _a232 с.
_cграф.
_d22
320 _aСписки лит. в конце статей
606 _aПсихолингвистика
_jСборники
_2psbo
606 _aРусский язык
_xМетодика преподавания нерусским
_jСборники
_2psbo
702 1 _aРябова
_bТ.В.
_4340
702 1 _aЛеонтьев
_bА.А.
_gАлексей Алексеевич
_4340
712 0 2 _aНаучно-методический центр русского языка
_cМосква
_3RU\NLR\AUTH\889932680
_9360620
801 0 _aRU
_bNLR
_gpsbo
801 1 _aRU
_bELAR
_2rusmarc
852 _aNLR
_j72-5/3632
942 _cBOOK
980 _aNB